ՀՀ Գիտությունների ազգային ակադեմիայի հիմնարար գիտական գրադարան  =   Fundamental Scientific Library of NAS RA

Ким : (Record no. 162042)

MARC details
000 -LEADER
fixed length control field 00831nam a2200229 u 4500
001 - CONTROL NUMBER
control field 000426181
003 - CONTROL NUMBER IDENTIFIER
control field AM-YeHGA
005 - DATE AND TIME OF LATEST TRANSACTION
control field 20250617133205.0
008 - FIXED-LENGTH DATA ELEMENTS--GENERAL INFORMATION
fixed length control field 050505s1990 ||||||||||||||000|0|rus d
020 ## - INTERNATIONAL STANDARD BOOK NUMBER
International Standard Book Number 5060021246
040 ## - CATALOGING SOURCE
Original cataloging agency AM-YeHGA
041 0# - LANGUAGE CODE
Language code of text/sound track or separate title rus
090 ## - LOCALLY ASSIGNED LC-TYPE CALL NUMBER (OCLC); LOCAL CALL NUMBER (RLIN)
-- 163453
100 1# - MAIN ENTRY--PERSONAL NAME
Personal name Киплинг, Редьярд Джозеф
Dates associated with a name 1865-1936
245 10 - TITLE STATEMENT
Title Ким :
Remainder of title Роман /
Statement of responsibility, etc. Редьярд Киплинг; Вступ. ст., коммент. Ю.И. Кагарлицкого.
260 ## - PUBLICATION, DISTRIBUTION, ETC.
Place of publication, distribution, etc. Москва :
Name of publisher, distributor, etc. Высш. шк,
Date of publication, distribution, etc. 1990.
300 ## - PHYSICAL DESCRIPTION
Extent 287 с. :
Other physical details ил.
504 ## - BIBLIOGRAPHY, ETC. NOTE
Bibliography, etc. note Библиогр. в примеч.: с. 279-286
650 14 - SUBJECT ADDED ENTRY--TOPICAL TERM
Topical term or geographic name entry element Английская литература
General subdivision Роман
653 0# - INDEX TERM--UNCONTROLLED
Uncontrolled term Индия, 20 в. (х. л.)
700 1# - ADDED ENTRY--PERSONAL NAME
Personal name Кагарлицкий, Ю.И.
Relator term авт. предисл.
Relationship aui
Holdings
Withdrawn status Lost status Damaged status Not for loan Collection Home library Current library Date acquired Total checkouts Full call number Barcode Date last seen Price effective from Koha item type Public note
        General Fundamental Scientific Library Fundamental Scientific Library 28/12/2016   820 120615741 28/12/2016 28/12/2016 Գրքեր / Books Two weeks Loan


ՀՀ ԳԱԱ հիմնարար գիտական գրադարան
ՀՀ,Երևան 0019
Մարշալ Բաղրամյան 24/6
հեռախոս:(374-10) 52-47-50
Հետադարձ կապ

All site content, except where otherwise noted, is licensed under a
Creative Commons License